000 00661nam a2200253Ia 4500
005 20260123164112.0
008 008 260114s9999 xx 000 0 eng d
020 _a9788194884804
037 _aEBOOK
040 _aCRL
040 _beng
040 _cCRL
041 _2eng
041 _aeng
084 _qCRL
100 _aMishra, K.L.P., CHANDRASEKARAN, N.
_91105932
245 0 _aTheory Of Computer Science : Automata, Languages And Computation - Third Edition
260 _bPHI
260 _c2024
856 _uhttps://elibrary.phindia.com/ebooks/reader/9788194884804du
942 _cEBOOK
999 _c1671055
_d1671055